000 01069cam a22003252 4500
999 _c370855
_d370855
001 277739845
003 DE-627
005 20210928122743.0
007 tu
008 990101s1993 xx ||||| 00| ||und c
015 _a94,A17,0789
_2dnb
020 _a3861550369
035 _a(DE-627)277739845
035 _a(DE-599)GBV277739845
035 _a(OCoLC)246841227
040 _aDE-627
_bger
_cDE-627
_erakwb
_dDE-2950
084 _a61
_2sdnb
100 1 _aBader, Ekkehard R.
_4aut
245 1 0 _aSpurensuche zwischen Zeitenwenden:
_bLandkreis Fürstenwalde /
_cEkkehard R. Bader.
264 1 _aBerlin;
_aFürstenwalde;
_aWoltersdorf:
_bBock und Kübler,
_c1993
300 _a147 S.:
_bIll., Kt.
336 _aText
_btxt
_2rdacontent
337 _aohne Hilfsmittel zu benutzen
_bn
_2rdamedia
338 _aBand
_bnc
_2rdacarrier
653 _aFürstenwalde <Landkreis>
653 _aGeschichte
951 _aBO
710 2 _aLandkreis Fürstenwalde, Spree
_bSchul-, Kultur- und Sportamt
_0(DE-588)5121417-9
_0(DE-627)180946390
_0(DE-576)195102711
_4oth
942 _2z
_cB